Principles of management accounting, Vol. II / (Record no. 685)

000 -LEADER
fixed length control field 00497 a2200157 4500
008 - FIXED-LENGTH DATA ELEMENTS--GENERAL INFORMATION
fixed length control field 220921b ||||| |||| 00| 0 eng d
020 ## - INTERNATIONAL STANDARD BOOK NUMBER
International Standard Book Number 9788180549397
082 00 - DEWEY DECIMAL CLASSIFICATION NUMBER
Classification number 657
Item number M2147
100 ## - MAIN ENTRY--PERSONAL NAME
Personal name Maheshwari, S. N.
9 (RLIN) 4977
245 ## - TITLE STATEMENT
Title Principles of management accounting, Vol. II /
260 ## - PUBLICATION, DISTRIBUTION, ETC. (IMPRINT)
Place of publication, distribution, etc New Delhi:
Name of publisher, distributor, etc Sultan Chand & Sons,
Date of publication, distribution, etc 2015.
300 ## - PHYSICAL DESCRIPTION
Extent S.1, 6 p.
650 #0 - SUBJECT ADDED ENTRY--TOPICAL TERM
Topical term or geographic name as entry element Managerial accounting
700 ## - ADDED ENTRY--PERSONAL NAME
Personal name Maheshwari, Sharad K.
9 (RLIN) 5219
942 ## - ADDED ENTRY ELEMENTS (KOHA)
Source of classification or shelving scheme
Item type Books
Holdings
Withdrawn status Lost status Source of classification or shelving scheme Damaged status Not for loan Permanent location Current location Date acquired Source of acquisition Cost, normal purchase price Full call number Barcode Date last seen Cost, replacement price Koha item type
          IMU Kolkata IMU Kolkata 2019-11-19 Sterling Book House 0.00 657 M2147 13075 2019-11-19 0.00 Books
          IMU Kolkata IMU Kolkata 2019-11-19 Sterling Book House 0.00 657 M2147 13077 2019-11-19 0.00 Books
          IMU Kolkata IMU Kolkata 2019-11-19 Sterling Book House 0.00 657 M2147 13079 2019-11-19 0.00 Books
          IMU Kolkata IMU Kolkata 2019-11-19 Sterling Book House 0.00 657 M2147 13081 2019-11-19 0.00 Books
Designed and Maintained by IMU-KC Library, Kolkata Campus © Copyright All Rights Reserved

webs counters

Powered by Koha